000 00644nam a2200217 i 4500
001 74872
003 ES-MaACL
005 20250823063042.0
007 t|
008 040921s1987 sp ||||1| spa d
020 _a84-86169-42-9
100 1 _aGordillo Courcières, José Luis,
_d1926-2005
_959146
245 1 3 _aLa columna de Bayo /
_cJosé Luis Gordillo Courciéres.
250 _a1ª ed.
260 _aMadrid :
_bDrysa,
_c1987.
300 _a256 p. ;
_c25 cm.
490 1 _aBiografías y memorias ;
_v9
830 0 _aBiografías y memorias ;
_v9
_9183467
852 _aES-MaACL
_jL-12302
_bR.114524
999 _c74872
_d74872